000 00498nam a2200181Ia 4500
001 8072
005 20260306160542.0
008 260306t2017||||xx |||||||||||||| ||spa||
041 _aESP
082 _a370.1
_bJ87
100 _aJullien de París, Marc-Antoine
_eAUT
245 0 _aEsbozo de una obra sobre educación comparada, y series de preguntas sobre educación
260 _c2017
300 _axi, 69, 38 páginas :
_c24 cm.
650 _aGEN
654 _aCED
942 _cLIB
_dJUS
_fJUS
_2ddc
_n
999 _c8072
_d8072